| 000 | 00926nam a2200253 i 4500 | ||
|---|---|---|---|
| 001 | 6348 | ||
| 003 | ES-MaACL | ||
| 005 | 20250809042448.0 | ||
| 008 | 890925s1988 pe |||| | spa d | ||
| 080 | _a35:342.4 | ||
| 100 | 1 |
_aMontiel, Francisco Felix. _982648 |
|
| 245 | 1 | 0 |
_aTeoría de la administración integral _b: el condicionamiento administrativo de los derechos humanos / _cFrancisco Félix Montiel. |
| 250 | _a1ª ed. | ||
| 260 |
_aLima : _bInstituto de Investigación y Capacitación Municipal, _c[1988] |
||
| 300 |
_aXI, 71 p. ; _c21 cm. |
||
| 490 | 1 |
_aEstudios y análisis ; _v2 |
|
| 504 | _aBibliografía: p. 63-71. | ||
| 650 | 1 | 4 |
_aAdministración pública. _99646 |
| 650 | 1 | 7 |
_aDerechos humanos _2embne _911770 |
| 710 | 1 |
_aInstituto de Investigación y Capacitación Municipal (Lima) _94963 |
|
| 830 | 0 |
_aEstudios y análisis ; _v2 _9227792 |
|
| 852 |
_aES-MaACL _jL-13520 |
||
| 999 |
_c6348 _d6348 |
||